000 nam a22 7a 4500
999 _c54992
_d54992
003 OSt
005 20220912120350.0
008 220808b xxu||||| |||| 00| 0 eng d
040 _cIIMT UNIVERSITY
100 _aCHATTERJEE, P.N.
245 _aHIGH SCHOOL SAMANAY MATHEMATICS
260 _bRAJHANS PUB.
_cMEERUT
942 _2ddc
_c09